| 000 | 00704cab a2200229 4500 | ||
|---|---|---|---|
| 001 | ABS57414 | ||
| 008 | 090401t1997 xxu||||| |||| 00| 0 eng d | ||
| 035 | _a(Sirsi) u80613 | ||
| 041 | _aeng | ||
| 100 | _aCarter, J. | ||
| 245 | _aRights and obligations of the arbitrator | ||
| 260 | _c1997 | ||
| 350 | _a0 | ||
| 490 |
_aArbitration _v63(3) August 1997, 170-179(10) |
||
| 520 | _aOutlines the rights and duties of arbitrators and the ethical issues that concern them. | ||
| 650 | _aARBITRATORS | ||
| 650 | _aETHICS | ||
| 650 | _aRIGHTS | ||
| 690 | _aMANAGEMENT-DISPUTE AVOIDANCE, MANAGEMENT AND RESOLUTION-DISPUTE MANAGEMENT AND RESOLUTION-ARBITRATION | ||
| 942 | _n0 | ||
| 948 | _c02/09/1997 | ||
| 999 |
_c50744 _d50744 |
||